| 000 | 00500nam a22001577a 4500 | ||
|---|---|---|---|
| 003 | OSt | ||
| 005 | 20150908133123.0 | ||
| 008 | 150908b xxu||||| |||| 00| 0 eng d | ||
| 040 | _cRUA | ||
| 082 | _aAGR ង៉ែត 1992 B005 Or.1 | ||
| 100 |
_9150 _aង៉ែត បុល |
||
| 245 | _aTrogoderma granarium និងការបំផ្លិចបំផ្លាញនៃសត្វល្អិតនេះ | ||
| 260 |
_aPhnom Penh _bRUA _c1992 |
||
| 300 |
_a87p. _bill. _c29cm. |
||
| 942 |
_2ddc _cAGR |
||
| 999 |
_c131 _d131 |
||